Top 150 most popular anime 2023 - Statistics

General Stats
  • This quiz has been taken 1,426 times
  • The average score is 50 of 150
Answer Stats
# Year Type Answer % Correct
8 2002 TV Naruto
93%
15 2007 TV Naruto Shippuden
93%
19 1999 TV One Piece
91%
1 2013 TV Shingeki no Kyojin
83%
12 2017 TV Shingeki no Kyojin (Season 2)
83%
18 2018 TV Shingeki no Kyojin (Season 3)
83%
22 2019 TV Shingeki no Kyojin (Season 3 Part 2)
83%
39 2020 TV Shingeki no Kyojin (The Final Season)
83%
113 2022 TV Shingeki no Kyojin (The Final Season Part 2)
83%
148 1986 TV Dragon Ball
79%
7 2019 TV Kimetsu no Yaiba
76%
76 2020 Movie Kimetsu no Yaiba: Mugen Ressha-hen
76%
94 2021 TV Kimetsu no Yaiba: Yuukaku-hen
76%
38 2004 TV Bleach
75%
2 2006 TV Death Note
75%
16 2020 TV Jujutsu Kaisen
72%
6 2016 TV Boku no Hero Academia
68%
14 2017 TV Boku no Hero Academia (Season 2)
68%
26 2018 TV Boku no Hero Academia (Season 3)
68%
55 2019 TV Boku no Hero Academia (Season 4)
68%
124 2021 TV Boku no Hero Academia (Season 5)
68%
10 2011 TV Hunter x Hunter (2011)
65%
77 2003 TV Fullmetal Alchemist
63%
3 2009 TV Fullmetal Alchemist: Brotherhood
63%
58 2012 TV Jojo's Bizarre Adventures
59%
115 2014 TV Jojo's Bizarre Adventures Part 3: Stardust Crusaders
59%
133 2015 TV Jojo's Bizarre Adventures Part 3: Stardust Crusaders Season 2
59%
131 2016 TV Jojo's Bizarre Adventures Part 4: Diamond wa Kudakenai
59%
4 2015 TV One Punch Man
58%
56 2019 TV One Punch Man (Season 2)
58%
9 2014 TV Tokyo Ghoul
53%
11 2016 Movie Kimi no Na wa.
52%
5 2012 TV Sword Art Online
52%
145 2018 TV Sword Art Online: Alicization
52%
35 2014 TV Sword Art Online II
52%
36 2014 TV Haikyuu!!
51%
118 2016 TV Haikyuu!! Karasuno Koukou vs. Shiratorizawa Gakuen Koukou
51%
86 2015 TV Haikyuu!! (Season 2)
51%
46 2015 TV Tokyo Ghoul √A
51%
120 2018 TV Tokyo Ghoul:re
51%
60 2017 TV Black Clover
45%
87 2022 TV Chainsaw Man
44%
130 2012 TV Fate/Zero (Season 2)
44%
45 1995 TV Neon Genesis Evangelion
43%
21 2006 TV Code Geass: Hangyaku no Lelouch
42%
47 2008 TV Code Geass: Hangyaku no Lelouch R2
42%
50 2009 TV Fairy Tail
40%
44 2001 Movie Sen to Chihiro no Kamikakushi
40%
43 1998 TV Cowboy Bebop
38%
31 2014 TV Nanatsu no Taizai
37%
127 2018 TV Nanatsu no Taizai no Fukkatsu
37%
79 2022 TV Spy x Family
37%
80 2019 TV Vinland Saga
37%
25 2016 TV Re:Zero
36%
134 2020 TV Re:Zero kara Hajimeru Isekai Seikatsu Season 2
36%
13 2011 TV Steins Gate
36%
34 2015 TV Ansatsu Kyoushitsu
35%
32 2016 TV Mob Psycho 100
35%
73 2019 TV Mob Psycho 100 II
35%
84 2016 TV Ansatsu Kyoushitsu (Season2)
34%
54 2019 TV Dr. Stone
34%
150 2021 TV Dr.Stone: Stone Wars
34%
139 2006 TV Gintama
34%
109 2021 TV Tokyo Revengers
34%
24 2014 TV Shigatsu wa Kimi no Uso
33%
110 1989 TV Dragon Ball Z
32%
143 2009 TV K-On!
31%
116 2012 TV Kuroko no Basket
31%
99 2004 Movie Howl no Ugoku Shiro
30%
20 2016 Movie Koe no Katachi
30%
100 2019 TV Enen no Shouboutai
29%
53 2019 TV Kaguya-sama wa Kokurasetai
29%
119 2008 TV Kutoshitsuji
29%
59 2015 TV Shokugeki no Souma
29%
125 2016 TV Shokugeki no Souma: Ni no Sara
29%
41 2011 TV Ao no Exorcist
27%
28 2016 TV Boku dake ga Inai Machi
27%
136 2004 TV Monster
27%
17 2014 TV No Game No Life
27%
142 1988 Movie Tonari no Totoro
27%
30 2014 TV Akame ga Kill!
26%
138 2014 TV Fate/stay night: Unlimited Blade Works
26%
74 2011 TV Fate/Zero
26%
83 2012 TV High School DxD
26%
63 2008 TV Soul Eater
25%
23 2008 TV Toradora!
25%
49 2018 TV Violet Evergarden
25%
48 2015 TV Death Parade
23%
27 2014 TV Noragami
23%
111 2017 TV Youkoso Jitsuryoku Shijou Shugi no Kyoushitsu e
23%
51 2013 TV Kill la Kill
22%
144 2012 TV Magi: The Labyrinth of Magic
22%
37 2019 TV Yakusoku no Nerverland
22%
29 2010 TV Angel Beats!
21%
40 2016 TV Kono Subarashii Sekai ni Shukufuku wo!
21%
105 1997 Movie Mononoke Hime
21%
67 2015 TV Overlord
21%
89 2018 TV Tensei shitara Slime Datta Ken
21%
96 2021 TV Horimiya
20%
85 2007 TV Clannad
19%
61 2018 TV Darling in the FranXX
19%
117 2008 TV Clannad: After Story
18%
72 2010 TV Highschool of the Dead
18%
78 2017 TV Kakegurui
18%
135 2016 TV Saiki Kusuo no Ψ-nan
18%
57 2012 TV Another
17%
62 2012 TV Psycho-Pass
17%
126 2018 ONA Devilman: Crybaby
16%
114 2019 TV Dororo
16%
91 2016 TV Bungou Stray Dogs
15%
98 2020 TV Kaguya-sama wa Kokurasetai? Tensai-tachi no Renai Zunousen
15%
93 2017 TV Made in Abyss
15%
102 2021 TV Mushoku Tensei: Isekai Ittara Honki Dasu
15%
128 2006 TV Ouran Koukou Host Club
15%
65 2007 TV Tengen Toppa Gurren Lagann
15%
90 2009 TV Bakemonogatari
14%
66 2015 TV Charlotte
14%
88 2010 TV Durarara!!
14%
33 2011 TV Mirai Nikki
14%
104 2010 TV Kaichou wa Maid-sama!
13%
97 2015 TV Owari no Seraph
13%
107 2004 TV Samurai Champloo
13%
71 2004 TV Elfen Lied
12%
132 2018 TV Goblin Slayer
11%
69 2013 TV Hataraku Maou-sama!
10%
42 2014 TV Kiseijuu: no Kakuritsu
10%
106 2011 TV Deadman Wonderland
9%
68 2019 TV Tata no Yuusha no Nariagari
9%
149 2013 TV Date A Live
8%
70 2015 TV Dungeon ni Deai wo Motomeru no wa Machigatteiru Darou ka
7%
146 2013 TV Golden Time
7%
112 2011 TV Guilty Crown
7%
129 2013 TV Log Horizon
7%
121 2014 TV Nisekoi
7%
147 2016 TV ReLIFE
7%
92 2012 TV Hyouka
6%
101 2021 TV Mahou Shoujo Madoka Magica
6%
52 2018 TV Seishun Buta Yarou wa Bunny Girl Senpai no Yume wo Minai
5%
95 2012 TV Chuunibyou demo Koi ga Shitai!
4%
108 2017 TV Kobayashi-san Chi no Maid Dragon
4%
137 2012 TV Tonari no Kaikutsu-kun
4%
122 2013 TV Kyoukai no Kanata
2%
140 2014 TV Mahouka Koukou no Rettousei
2%
103 2012 TV Sakura-sou no Pet na Kanojo
2%
141 2015 TV Yahari Ore no Seishun Love Comedy wa Machigateirru. Zoku
2%
64 2011 TV Ano Hi Mita Hana no Namae wo Bokutachi wa Mada Shiranai
1%
81 2015 TV Noragami Aragoto
1%
82 2013 TV Yahari Ore no Seishun Love Comedy wa Machigatteiru.
1%
123 2014 TV Zankyou no Terror
1%
75 2017 TV Kono Subarashii Sekai ni Shukufukuwo! 2
0%
No matching quizzes found
Score Distribution
Percent of People with Each Score
Percentile by Number Answered
Your Score History
You have not taken this quiz